[Event "Hilton Open 2012"]
[Site "Basel"]
[Date "2012.01.02"]
[Round "2"]
[White "Prohaszka, Peter"]
[Black "Alfred, Nathan"]
[Result "1-0"]
[WhiteElo "2547"]
[BlackElo "2288"]
[PlyCount "55"]
[EventDate "2012.??.??"]
[EventRounds "7"]
[EventCountry "SUI"]
[SourceDate "2012.01.01"]

1. d4 Nf6 2. c4 g6 3. g3 Bg7 4. Bg2 O-O 5. Nc3 d6 6. Nf3 Nbd7 7. O-O e5 8. e4
exd4 9. Nxd4 Re8 10. h3 a6 11. Be3 Rb8 12. a4 c5 13. Nde2 b5 14. axb5 axb5 15.
cxb5 Bb7 16. Qxd6 Re6 17. Qd3 Qe8 18. Nf4 Ne5 19. Qc2 c4 20. Nxe6 Qxe6 21. Rad1
Nd3 22. Rxd3 cxd3 23. Qxd3 Qb3 24. Qd6 Re8 25. Bd4 Nh5 26. Qd7 Bxd4 27. Qxe8+
Kg7 28. Qd7 1-0

[Event "Hilton Open 2012"]
[Site "Basel"]
[Date "2012.01.02"]
[Round "2"]
[White "Xheladini, Mahmut"]
[Black "Cherniaev, Alexander"]
[Result "0-1"]
[WhiteElo "2278"]
[BlackElo "2469"]
[PlyCount "92"]
[EventDate "2012.??.??"]
[EventRounds "7"]
[EventCountry "SUI"]
[SourceDate "2012.01.01"]

1. e4 b6 2. Nf3 Bb7 3. Nc3 e6 4. a3 d6 5. d4 Nd7 6. Bc4 h6 7. O-O Ne7 8. Re1 a6
9. Qd3 g6 10. Ba2 Bg7 11. Ne2 O-O 12. Ng3 c5 13. c3 b5 14. Be3 c4 15. Qd2 Kh7
16. Rad1 Nf6 17. Qc2 Qc7 18. h3 Nfg8 19. Bb1 f5 20. Bc1 f4 21. Nf1 e5 22. N1h2
Nf6 23. Qe2 Rae8 24. dxe5 dxe5 25. Rd2 Bc8 26. Red1 g5 27. Rd6 Ng6 28. R1d2 Rf7
29. Rd1 Bf8 30. R6d2 Kh8 31. Re1 Rg7 32. Kh1 g4 33. hxg4 Nxg4 34. Rf1 Bc5 35.
a4 Reg8 36. axb5 axb5 37. Rd5 Be6 38. b4 cxb3 39. Rd2 Nxh2 40. Nxh2 Nh4 41. Qh5
Nxg2 42. Rdd1 Kh7 43. Rd5 Rg5 44. Qe2 Ba7 45. Rfd1 Qg7 46. Qxb5 Ne1 0-1

[Event "Hilton Open 2012"]
[Site "Basel"]
[Date "2012.01.02"]
[Round "2"]
[White "Skembris, Spyridon"]
[Black "Hess, Christian Mathias"]
[Result "1/2-1/2"]
[WhiteElo "2463"]
[BlackElo "2256"]
[PlyCount "126"]
[EventDate "2012.??.??"]
[EventRounds "7"]
[EventCountry "SUI"]
[SourceDate "2012.01.01"]

1. d4 d5 2. c4 c6 3. e3 Nf6 4. Nc3 a6 5. Nf3 b5 6. b3 Bg4 7. Be2 e6 8. O-O Nbd7
9. h3 Bh5 10. Bb2 Bd6 11. cxd5 cxd5 12. Ne5 Bxe2 13. Nxe2 Qb8 14. f4 O-O 15.
Ng3 Qb7 16. Rf2 Ne4 17. Nxe4 dxe4 18. Rc1 Rac8 19. Nxd7 Qxd7 20. Rfc2 Qb7 21.
d5 Rxc2 22. Qxc2 Qxd5 23. Rd1 Qc5 24. Qxe4 Rd8 25. Rc1 Qb4 26. Qxb4 Bxb4 27.
Rc6 Rd1+ 28. Kh2 h5 29. a3 Rb1 30. Rc2 Bc5 31. Bc1 Bd6 32. Rc6 a5 33. Rxd6 Rxc1
34. Rb6 Rc5 35. b4 axb4 36. axb4 Rd5 37. Kg3 g6 38. Kf3 Kg7 39. g4 hxg4+ 40.
hxg4 g5 41. Ke4 gxf4 42. exf4 Kg6 43. Rc6 Kg7 44. Rc7 Rd1 45. Rc5 Re1+ 46. Kf3
Rf1+ 47. Kg3 Rg1+ 48. Kh3 Rf1 49. g5 Kg6 50. Kg3 Rg1+ 51. Kf2 Rb1 52. Rxb5 Rb3
53. Ke2 f6 54. gxf6 Kxf6 55. Kf2 Ke7 56. Rb8 Kf6 57. Rb5 Ke7 58. Ke2 Kd6 59.
Rb8 Kc7 60. Rb5 Kc6 61. Re5 Rxb4 62. Rxe6+ Kd5 63. f5 Rf4 1/2-1/2

[Event "Hilton Open 2012"]
[Site "Basel"]
[Date "2012.01.02"]
[Round "2"]
[White "Kelecevic, Nedeljko"]
[Black "Heimann, Andreas"]
[Result "1/2-1/2"]
[WhiteElo "2245"]
[BlackElo "2459"]
[PlyCount "32"]
[EventDate "2012.??.??"]
[EventRounds "7"]
[EventCountry "SUI"]
[SourceDate "2012.01.01"]

1. d4 Nf6 2. c4 g6 3. Nc3 d5 4. cxd5 Nxd5 5. e4 Nxc3 6. bxc3 c5 7. Be3 Bg7 8.
Rc1 Qa5 9. Qd2 cxd4 10. cxd4 Qxd2+ 11. Kxd2 O-O 12. Nf3 Rd8 13. Ke1 Nc6 14. d5
Na5 15. Bf4 Bg4 16. Bd3 Rac8 1/2-1/2

[Event "Hilton Open 2012"]
[Site "Basel"]
[Date "2012.01.02"]
[Round "2"]
[White "Ghader Pour, Shayesteh"]
[Black "Vorotnikov, Vladislav V"]
[Result "1/2-1/2"]
[WhiteElo "2242"]
[BlackElo "2440"]
[PlyCount "143"]
[EventDate "2012.??.??"]
[EventRounds "7"]
[EventCountry "SUI"]
[SourceDate "2012.01.01"]

1. e4 e5 2. Nf3 Nc6 3. Bb5 a6 4. Ba4 d6 5. d4 b5 6. Bb3 Nxd4 7. Nxd4 exd4 8.
Bd5 Rb8 9. Qxd4 Ne7 10. Bg5 f6 11. Bf4 Nxd5 12. exd5 Be7 13. O-O O-O 14. a4 f5
15. c3 Bf6 16. Qd2 g5 17. Be3 f4 18. Bd4 f3 19. axb5 axb5 20. Ra7 Bb7 21. Re1
Qd7 22. Re6 Bxd4 23. Qxd4 Rf5 24. Rxb7 Rxb7 25. Qe4 Re5 26. Rxe5 dxe5 27. Qxe5
Rb8 28. Na3 Qg4 29. g3 Qh5 30. h4 Re8 31. Qxg5+ Qxg5 32. hxg5 Re1+ 33. Kh2 b4
34. cxb4 Re2 35. Kg1 Re1+ 36. Kh2 Rf1 37. Nb5 Rxf2+ 38. Kg1 Rc2 39. d6 cxd6 40.
Nxd6 Rxb2 41. b5 Kg7 42. Kf1 Kg6 43. Ne4 Rxb5 44. Kf2 Rf5 45. Nd6 Rd5 46. Nc4
Rxg5 47. Ne3 Kf6 48. Kxf3 Ke5 49. Nc4+ Kf6 50. Ne3 Ra5 51. Ng4+ Ke6 52. Kf4
Rf5+ 53. Ke4 h5 54. Ne3 Rf2 55. Nd1 Rf6 56. Ne3 Rf2 57. Nd1 Ra2 58. Kf4 Kf6 59.
Nc3 Rf2+ 60. Ke3 Rf1 61. Ne4+ Kf5 62. Nf2 Ra1 63. Kf3 Ra3+ 64. Kg2 Ke5 65. Kh3
Rf3 66. Kg2 Rf8 67. Nd3+ Ke4 68. Nf4 Rh8 69. Kh3 h4 70. Ng6 hxg3+ 71. Nxh8 Kf3
72. Ng6 1/2-1/2

[Event "Hilton Open 2012"]
[Site "Basel"]
[Date "2012.01.02"]
[Round "2"]
[White "Kozhuharov, Spas"]
[Black "Stankovic, Zeljko"]
[Result "1-0"]
[WhiteElo "2432"]
[BlackElo "2200"]
[PlyCount "57"]
[EventDate "2012.??.??"]
[EventRounds "7"]
[EventCountry "SUI"]
[SourceDate "2012.01.01"]

1. c4 e5 2. g3 Nc6 3. Bg2 g6 4. Nc3 Bg7 5. e3 d6 6. Nge2 h5 7. h4 Nf6 8. d4
exd4 9. exd4 Bg4 10. b4 Qc8 11. f3 Bf5 12. b5 Ne7 13. Be3 Qe6 14. Kf2 Qxc4 15.
Rc1 O-O 16. Nf4 Ned5 17. Ncxd5 Qxa2+ 18. Qe2 Qa4 19. Ne7+ Kh8 20. Nxf5 gxf5 21.
Qc4 Qa3 22. Rhd1 d5 23. Qd3 Qb2+ 24. Rc2 Qb4 25. Rxc7 Rae8 26. Rxb7 Rxe3 27.
Qxe3 Re8 28. Qd2 Qc4 29. Rxf7 1-0

[Event "Hilton Open 2012"]
[Site "Basel"]
[Date "2012.01.02"]
[Round "2"]
[White "Soulas, Gilles"]
[Black "Enchev, Ivajlo"]
[Result "0-1"]
[WhiteElo "2211"]
[BlackElo "2430"]
[PlyCount "68"]
[EventDate "2012.??.??"]
[EventRounds "7"]
[EventCountry "SUI"]
[SourceDate "2012.01.01"]

1. d4 Nf6 2. Nf3 e6 3. c4 d5 4. Nc3 c6 5. e3 Nbd7 6. Qc2 Bd6 7. Be2 O-O 8. O-O
dxc4 9. Bxc4 b5 10. Be2 Bb7 11. Rd1 Qe7 12. e4 e5 13. dxe5 Nxe5 14. Nxe5 Qxe5
15. g3 Qe6 16. Bf3 Rad8 17. Be3 a6 18. Bb6 Rd7 19. Re1 c5 20. Nd5 c4 21. Bd4
Ng4 22. b3 Ne5 23. Bxe5 Bxe5 24. Rad1 c3 25. Bg2 Bxd5 26. exd5 Qd6 27. h4 Re7
28. h5 Rfe8 29. Re2 b4 30. Re4 Bxg3 31. fxg3 Rxe4 32. Bxe4 Qxg3+ 33. Bg2 Qe3+
34. Kh1 Re5 0-1

[Event "Hilton Open 2012"]
[Site "Basel"]
[Date "2012.01.02"]
[Round "2"]
[White "Archangelsky, Mikhail"]
[Black "Lekic, Dusan"]
[Result "1/2-1/2"]
[WhiteElo "2197"]
[BlackElo "2402"]
[PlyCount "109"]
[EventDate "2012.??.??"]
[EventRounds "7"]
[EventCountry "SUI"]
[SourceDate "2012.01.01"]

1. d4 d5 2. Nf3 Nf6 3. c4 e6 4. e3 c6 5. Bd3 Nbd7 6. O-O Bd6 7. Nbd2 O-O 8. Qc2
e5 9. cxd5 cxd5 10. dxe5 Nxe5 11. Nxe5 Bxe5 12. Nf3 Bd6 13. Bd2 Re8 14. Bc3 Ne4
15. Rad1 Bg4 16. Be2 Rc8 17. Qb3 Qc7 18. h3 Be6 19. Bd4 a6 20. Rfe1 h6 21. Bf1
Qe7 22. a3 Rc6 23. Rc1 Rec8 24. Rxc6 Rxc6 25. Rd1 Qc7 26. Bd3 b5 27. Ne1 Qe7
28. Nf3 Qc7 29. Ne1 g5 30. Nc2 a5 31. Ne1 b4 32. axb4 axb4 33. Bb5 Rc1 34. Qd3
h5 35. Ba4 g4 36. Bc2 Rxd1 37. Qxd1 Be5 38. hxg4 hxg4 39. Bxe5 Qxe5 40. Qd4
Qxd4 41. exd4 Nd6 42. Nd3 Nb5 43. Nxb4 Nxd4 44. Bb1 Kf8 45. Nd3 Ke7 46. Nf4 f6
47. Kf1 Kd6 48. Ke1 Bd7 49. Kd2 Nc6 50. Kc3 d4+ 51. Kc4 Bc8 52. b4 Ba6+ 53. b5
Ne5+ 54. Kxd4 Bxb5 55. Bc2 1/2-1/2

[Event "Hilton Open 2012"]
[Site "Basel"]
[Date "2012.01.02"]
[Round "2"]
[White "Graeber, Fabien"]
[Black "Schmidt Schaeffer, Sebastian"]
[Result "0-1"]
[WhiteElo "2074"]
[BlackElo "2376"]
[PlyCount "90"]
[EventDate "2012.??.??"]
[EventRounds "7"]
[EventCountry "SUI"]
[SourceDate "2012.01.01"]

1. c4 f5 2. g3 Nf6 3. Nf3 e6 4. Bg2 Be7 5. O-O O-O 6. d3 d5 7. Nbd2 Nc6 8. a3
a5 9. b3 d4 10. Qc2 Bc5 11. Bb2 e5 12. Rfe1 Qd6 13. Nf1 e4 14. N3d2 Ng4 15. f3
exd3 16. Qxd3 Nge5 17. Qb1 Be6 18. h3 f4 19. Ne4 Qe7 20. gxf4 Ng6 21. Nfg3 Nxf4
22. Bc1 Rad8 23. b4 axb4 24. Nxc5 Qxc5 25. axb4 Qg5 26. Bxf4 Rxf4 27. Ne4 Qh6
28. Nf2 Bxc4 29. Ng4 Qd6 30. b5 Ne7 31. Ra4 Bf7 32. Rd1 h5 33. e3 hxg4 34. exf4
gxh3 35. Raxd4 Qb6 36. Qe4 Nf5 37. Qxf5 Rxd4 38. Rxd4 Qxd4+ 39. Kh2 hxg2 40.
Qc8+ Kh7 41. Qf5+ Bg6 42. Qh3+ Kg8 43. Qe6+ Kf8 44. Qxg6 g1=Q+ 45. Qxg1 Qxf4+
0-1

[Event "Hilton Open 2012"]
[Site "Basel"]
[Date "2012.01.02"]
[Round "2"]
[White "Nikolov, Momchil"]
[Black "Eidinger, Helmut"]
[Result "1-0"]
[WhiteElo "2560"]
[BlackElo "2104"]
[PlyCount "67"]
[EventDate "2012.??.??"]
[EventRounds "7"]
[EventCountry "SUI"]
[SourceDate "2012.01.01"]

1. d4 Nf6 2. c4 g6 3. f3 d5 4. cxd5 Nxd5 5. e4 Nb6 6. Nc3 Bg7 7. Be3 O-O 8. Qd2
Nc6 9. O-O-O e5 10. d5 Nd4 11. f4 c5 12. fxe5 Bxe5 13. Nf3 Nxf3 14. gxf3 c4 15.
h4 h5 16. Be2 Bg7 17. Bd4 Bd7 18. f4 Bh6 19. Kb1 Qc7 20. Be3 Kh7 21. d6 Qc6 22.
f5 Bxe3 23. Qxe3 Rae8 24. Qd4 Rg8 25. Rhg1 Kh6 26. Bxh5 Na4 27. Nxa4 Rxe4 28.
Qd2+ Kh7 29. fxg6+ fxg6 30. Bxg6+ Rxg6 31. Rxg6 Kxg6 32. Qg5+ Kh7 33. Qh5+ Kg7
34. Rg1+ 1-0

[Event "Hilton Open 2012"]
[Site "Basel"]
[Date "2012.01.02"]
[Round "2"]
[White "Cebalo, Miso"]
[Black "Dunn, Alan"]
[Result "1-0"]
[WhiteElo "2444"]
[BlackElo "2135"]
[PlyCount "55"]
[EventDate "2012.??.??"]
[EventRounds "7"]
[EventCountry "SUI"]
[SourceDate "2012.01.01"]

1. d4 Nf6 2. c4 g6 3. Nc3 Bg7 4. e4 d6 5. f4 O-O 6. Nf3 c5 7. d5 e6 8. Be2 exd5
9. cxd5 Re8 10. e5 dxe5 11. fxe5 Ng4 12. Bg5 Qa5 13. O-O Nxe5 14. Nxe5 Bxe5 15.
Qd2 Nd7 16. Rad1 b6 17. d6 Bb7 18. Bc4 Bd4+ 19. Kh1 Ne5 20. Qf4 Rf8 21. Bf6 Nd7
22. Rxd4 cxd4 23. Bxd4 Bxg2+ 24. Kxg2 Qf5 25. Qxf5 gxf5 26. Rxf5 h6 27. Rh5
Rac8 28. Rxh6 1-0

[Event "Hilton Open 2012"]
[Site "Basel"]
[Date "2012.01.02"]
[Round "2"]
[White "Lutz, Bernhard"]
[Black "Dobosz, Henryk"]
[Result "1-0"]
[WhiteElo "2321"]
[BlackElo "2396"]
[PlyCount "153"]
[EventDate "2012.??.??"]
[EventRounds "7"]
[EventCountry "SUI"]
[SourceDate "2012.01.01"]

1. d4 d6 2. Nf3 c5 3. d5 b5 4. e4 a6 5. a4 Nf6 6. axb5 Nxe4 7. Bd3 Nf6 8. Bg5
Bb7 9. O-O axb5 10. Rxa8 Bxa8 11. Bxb5+ Nbd7 12. c4 g6 13. Bxf6 exf6 14. Qa4
Bb7 15. Re1+ Be7 16. b4 cxb4 17. c5 O-O 18. Bxd7 dxc5 19. Bc6 Bc8 20. Qa7 Bd6
21. Nbd2 Bf5 22. Nc4 Bd3 23. Nfd2 f5 24. Qd7 Bf4 25. Qxd8 Rxd8 26. g3 Bxd2 27.
Nxd2 c4 28. Re3 Kg7 29. Bb5 Rxd5 30. Bxc4 Bxc4 31. Nxc4 Rd4 32. Na5 f4 33. Rb3
fxg3 34. hxg3 h5 35. Nc6 Rc4 36. Nxb4 h4 37. Nd5 hxg3 38. Rxg3 Rc5 39. Nf4 Rf5
40. Nd3 Ra5 41. Kg2 Rb5 42. Kf3 Ra5 43. Rg4 Rf5+ 44. Rf4 Ra5 45. Rd4 Kf6 46.
Rd7 Rf5+ 47. Ke4 Ra5 48. Rd6+ Ke7 49. Rb6 Ra4+ 50. Nb4 Kf8 51. Ke5 Kg7 52. Rb7
Ra5+ 53. Ke4 Ra4 54. Ke3 Ra3+ 55. Nd3 Ra5 56. Kf4 Ra4+ 57. Rb4 Ra7 58. Kg4 Kh6
59. Ne5 Re7 60. Rb5 Kg7 61. Rd5 Kh6 62. Kf4 Ra7 63. Rd7 Ra4+ 64. Kg3 f6 65.
Nf7+ Kg7 66. Nd6+ Kh6 67. Rf7 Kg5 68. f3 f5 69. Rc7 Ra1 70. Rc6 Rg1+ 71. Kf2
Ra1 72. Nf7+ Kh5 73. Rc8 Ra2+ 74. Kg3 g5 75. Rc6 f4+ 76. Kh3 g4+ 77. fxg4# 1-0

[Event "Hilton Open 2012"]
[Site "Basel"]
[Date "2012.01.02"]
[Round "2"]
[White "Dann, Matthias"]
[Black "Moser, Guido"]
[Result "1-0"]
[WhiteElo "2381"]
[BlackElo "1994"]
[PlyCount "55"]
[EventDate "2012.??.??"]
[EventRounds "7"]
[EventCountry "SUI"]
[SourceDate "2012.01.01"]

1. e4 c5 2. Ne2 Nc6 3. d4 cxd4 4. Nxd4 g6 5. Nc3 Bg7 6. Be3 Nf6 7. Bc4 Qa5 8.
O-O O-O 9. Bb3 d6 10. h3 Bd7 11. Re1 Rac8 12. Qd3 a6 13. Rad1 Ne5 14. Qf1 b5
15. Bc1 Nc4 16. Nd5 Rfe8 17. c3 Qd8 18. f4 Nxd5 19. exd5 Qb6 20. Kh1 Qb7 21.
Qf3 Rc5 22. Ne2 Qa8 23. Ng3 Bc8 24. Ne4 Rxd5 25. Rxd5 Bb7 26. Red1 f5 27. Bc2
fxe4 28. Bxe4 1-0

[Event "Hilton Open 2012"]
[Site "Basel"]
[Date "2012.01.02"]
[Round "2"]
[White "Milliet, Sophie"]
[Black "Bender, Dirk"]
[Result "1-0"]
[WhiteElo "2404"]
[BlackElo "2069"]
[PlyCount "83"]
[EventDate "2012.??.??"]
[EventRounds "7"]
[EventCountry "SUI"]
[SourceDate "2012.01.01"]

1. e4 c5 2. Nf3 Nc6 3. c3 e6 4. d4 d5 5. e5 cxd4 6. cxd4 Bb4+ 7. Nc3 Nge7 8. a3
Bxc3+ 9. bxc3 Qc7 10. Be2 Bd7 11. O-O Na5 12. Rb1 Qxc3 13. Bd2 Qc7 14. Bxa5
Qxa5 15. Rxb7 Bc6 16. Rb4 O-O 17. Qb3 Rfc8 18. Bd3 h6 19. h4 Qd8 20. Rb1 Be8
21. Ba6 Rc7 22. Qd3 Nc6 23. R4b2 Na5 24. g3 Ba4 25. Nd2 Rc6 26. Bb5 Bxb5 27.
Rxb5 Rac8 28. a4 Rc3 29. Qf1 Nc4 30. Nxc4 R3xc4 31. Qd1 Qc7 32. Kg2 a6 33. Rb7
Qa5 34. Qf3 Rf8 35. Rxf7 Rxf7 36. Rb8+ Kh7 37. Qxf7 Qc7 38. Qg8+ Kg6 39. Qxe6+
Kh7 40. Qg8+ Kg6 41. Qe8+ Kh7 42. h5 1-0

[Event "Hilton Open 2012"]
[Site "Basel"]
[Date "2012.01.02"]
[Round "2"]
[White "Curien, Nicolas"]
[Black "Ditzler, Juerg"]
[Result "1-0"]
[WhiteElo "2177"]
[BlackElo "2061"]
[PlyCount "94"]
[EventDate "2012.??.??"]
[EventRounds "7"]
[EventCountry "SUI"]
[SourceDate "2012.01.01"]

1. d4 g6 2. e4 Bg7 3. Nc3 d6 4. Be3 a6 5. a4 Nd7 6. Nf3 e5 7. Be2 Ne7 8. O-O
O-O 9. Qd2 f5 10. dxe5 Nxe5 11. Nxe5 Bxe5 12. Bh6 Bg7 13. Bc4+ Kh8 14. Bxg7+
Kxg7 15. Qd4+ Kh6 16. Qd2+ Kg7 17. Rad1 Nc6 18. f4 h6 19. Rfe1 fxe4 20. Nxe4
Bf5 21. Bd5 Bxe4 22. Rxe4 Qf6 23. c3 Rae8 24. Rde1 Rxe4 25. Rxe4 g5 26. Qe2
gxf4 27. Bxc6 bxc6 28. Re7+ Rf7 29. Rxf7+ Qxf7 30. Qxa6 Qe6 31. Qf1 Qe3+ 32.
Kh1 Kf6 33. a5 Kg5 34. a6 Qb6 35. b4 Qe3 36. c4 d5 37. cxd5 cxd5 38. Qg1 Qa3
39. a7 Kf5 40. h3 Ke6 41. Qd4 f3 42. Qg4+ Kd6 43. Qg6+ Ke5 44. Qe8+ Kd4 45.
a8=Q Qc1+ 46. Kh2 Qf4+ 47. Kg1 fxg2 1-0

[Event "Hilton Open 2012"]
[Site "Basel"]
[Date "2012.01.02"]
[Round "2"]
[White "Suter, Stephan"]
[Black "Garner, David"]
[Result "1/2-1/2"]
[WhiteElo "2032"]
[BlackElo "2165"]
[PlyCount "76"]
[EventDate "2012.??.??"]
[EventRounds "7"]
[EventCountry "SUI"]
[SourceDate "2012.01.01"]

1. Nf3 Nf6 2. c4 g6 3. Nc3 Bg7 4. e4 d6 5. d4 O-O 6. Be2 e5 7. O-O exd4 8. Nxd4
Re8 9. f3 c6 10. Be3 d5 11. cxd5 cxd5 12. Qb3 Nc6 13. Rfd1 Qa5 14. Rac1 dxe4
15. Nxc6 bxc6 16. Nxe4 Nxe4 17. fxe4 Be6 18. Qb7 Rab8 19. Qxc6 Bxb2 20. Rc5
Qxa2 21. Bc4 Bxc4 22. Rxc4 Be5 23. Rf1 Re6 24. Qd5 Qe2 25. Bxa7 Rb2 26. Rc8+
Kg7 27. Bf2 Rd2 28. Qc5 g5 29. Qf8+ Kg6 30. Qg8+ Bg7 31. Rcc1 Rf6 32. Rce1
Qxf2+ 33. Rxf2 Rfxf2 34. Rc1 Rxg2+ 35. Kf1 Rdf2+ 36. Ke1 Re2+ 37. Kf1 Rgf2+ 38.
Kg1 Rg2+ 1/2-1/2

[Event "Hilton Open 2012"]
[Site "Basel"]
[Date "2012.01.02"]
[Round "2"]
[White "Borda, Alan"]
[Black "Minko, Vladimir"]
[Result "1/2-1/2"]
[WhiteElo "2157"]
[BlackElo "2038"]
[PlyCount "133"]
[EventDate "2012.??.??"]
[EventRounds "7"]
[EventCountry "SUI"]
[SourceDate "2012.01.01"]

1. d4 Nf6 2. Bg5 e6 3. e4 h6 4. Bxf6 Qxf6 5. Nf3 d5 6. Nbd2 Qd8 7. Bd3 c5 8. c3
Nc6 9. dxc5 Bxc5 10. O-O O-O 11. Qe2 Bb6 12. Rad1 dxe4 13. Bxe4 Bc7 14. Nc4 Qe7
15. Bc2 Qf6 16. Nd6 Qf4 17. g3 Qg4 18. Kg2 Bxd6 19. Rxd6 e5 20. Ng1 Qxe2 21.
Nxe2 Be6 22. b3 Rfd8 23. Rfd1 Rxd6 24. Rxd6 Rd8 25. Rxd8+ Nxd8 26. f4 Bg4 27.
Kf2 Bxe2 28. Kxe2 exf4 29. gxf4 Kf8 30. Ke3 Ke7 31. b4 b6 32. a4 Kd6 33. Bb3 f6
34. Ke4 a5 35. bxa5 bxa5 36. Kf5 g5 37. fxg5 fxg5 38. Kg6 Nb7 39. Kxh6 Nc5 40.
Bc2 Ne6 41. Kg6 Ke5 42. Bf5 Nc5 43. Kxg5 Nxa4 44. h4 Nxc3 45. h5 Nd5 46. Bc2
Nf6 47. h6 Ke6 48. Kg6 Ke7 49. Bb3 Nd7 50. Kg7 Nf6 51. Kg6 Nd7 52. Ba4 Nf8+ 53.
Kg7 Ne6+ 54. Kg6 Nf8+ 55. Kf5 Nh7 56. Bb3 Nf6 57. Ba2 Nh7 58. Kg6 Nf8+ 59. Kg7
a4 60. Bd5 a3 61. Ba2 Ne6+ 62. Kg8 Nf8 63. Bb3 Ke8 64. Bf7+ Ke7 65. Ba2 Ke8 66.
Bf7+ Ke7 67. Ba2 1/2-1/2

[Event "Hilton Open 2012"]
[Site "Basel"]
[Date "2012.01.02"]
[Round "2"]
[White "Deubelbeiss, Rene"]
[Black "Schmidt, Ralf"]
[Result "1/2-1/2"]
[WhiteElo "2007"]
[BlackElo "2156"]
[PlyCount "120"]
[EventDate "2012.??.??"]
[EventRounds "7"]
[EventCountry "SUI"]
[SourceDate "2012.01.01"]

1. c4 Nf6 2. g3 g6 3. Bg2 Bg7 4. Nc3 O-O 5. e4 d6 6. Nge2 e5 7. O-O c6 8. d3 a6
9. a4 a5 10. h3 Be6 11. Be3 Qd7 12. Kh2 d5 13. d4 Nxe4 14. cxd5 cxd5 15. dxe5
Bxe5 16. Nxe4 dxe4 17. Bxe4 Qxd1 18. Rfxd1 Nc6 19. Nd4 Nxd4 20. Bxd4 Bxd4 21.
Rxd4 Rad8 22. Rad1 Rxd4 23. Rxd4 Rc8 24. g4 h6 25. Kg3 b6 26. f4 Rc4 27. Rxc4
Bxc4 28. h4 Bb3 29. Bc6 Kf8 30. g5 h5 31. Kf3 Ke7 32. Ke3 Ke6 33. Be8 Kf5 34.
Kf3 Bd5+ 35. Kg3 Ke4 36. Bd7 Be6 37. Bb5 Ke3 38. Be8 Ke4 39. Bb5 Kd4 40. Be8
Ke3 41. Bb5 Kd2 42. Be8 Kc2 43. f5 gxf5 44. g6 fxg6 45. Bxg6 Kxb2 46. Bxh5 Ka3
47. Be8 Kb4 48. Kf4 Kc5 49. h5 Kd6 50. h6 Bg8 51. Bg6 b5 52. axb5 a4 53. Bxf5
a3 54. Bb1 Bh7 55. Ba2 Kc5 56. Kg5 Kxb5 57. Kf6 Kb4 58. Kg7 Bd3 59. h7 Bxh7 60.
Kxh7 Kc3 1/2-1/2

[Event "Hilton Open 2012"]
[Site "Basel"]
[Date "2012.01.02"]
[Round "2"]
[White "Braeunlin, Klaus"]
[Black "Moos, Gerd"]
[Result "1-0"]
[WhiteElo "2155"]
[BlackElo "2016"]
[PlyCount "43"]
[EventDate "2012.??.??"]
[EventRounds "7"]
[EventCountry "SUI"]
[SourceDate "2012.01.01"]

1. e4 e6 2. d4 d5 3. Nd2 c5 4. Ngf3 cxd4 5. exd5 Qxd5 6. Bc4 Qd6 7. O-O Nf6 8.
Re1 Nc6 9. Bb5 Bd7 10. Nc4 Qc5 11. a4 O-O-O 12. b3 Qh5 13. Bf4 Nd5 14. Bg3 f6
15. Bxc6 bxc6 16. Qxd4 c5 17. Qd2 Kb7 18. Rad1 g5 19. Qa5 Bg7 20. Rxd5 exd5 21.
Qc7+ Ka8 22. Na5 1-0

[Event "Hilton Open 2012"]
[Site "Basel"]
[Date "2012.01.02"]
[Round "2"]
[White "Sand, Rolf"]
[Black "Toth, Ilona"]
[Result "1/2-1/2"]
[WhiteElo "2000"]
[BlackElo "2146"]
[PlyCount "67"]
[EventDate "2012.??.??"]
[EventRounds "7"]
[EventCountry "SUI"]
[SourceDate "2012.01.01"]

1. Nf3 Nf6 2. c4 e6 3. g3 d5 4. Bg2 c6 5. Qc2 Nbd7 6. O-O Bd6 7. d4 O-O 8. Nc3
dxc4 9. Nd2 Nb6 10. Nce4 Bb4 11. e3 Nxe4 12. Nxe4 Qe7 13. a3 Ba5 14. Bd2 Bxd2
15. Nxd2 e5 16. Nxc4 Nxc4 17. Qxc4 Be6 18. Qc5 Qxc5 19. dxc5 Bb3 20. Rfc1 a5
21. Be4 Rfd8 22. Rc3 Be6 23. Bc2 Bh3 24. Rd1 Rxd1+ 25. Bxd1 Rd8 26. Bc2 e4 27.
Rc4 f5 28. Rd4 Rxd4 29. exd4 Kf8 30. Bb3 Ke7 31. Bc4 Kd7 32. b4 axb4 33. axb4
Kc7 34. Bg8 1/2-1/2

[Event "Hilton Open 2012"]
[Site "Basel"]
[Date "2012.01.02"]
[Round "2"]
[White "Heinis, Vincent"]
[Black "Spiess, Thomas"]
[Result "1-0"]
[WhiteElo "2146"]
[BlackElo "2002"]
[PlyCount "53"]
[EventDate "2012.??.??"]
[EventRounds "7"]
[EventCountry "SUI"]
[SourceDate "2012.01.01"]

1. d4 d5 2. c4 e6 3. Nc3 c6 4. Nf3 Nf6 5. Bg5 h6 6. Bh4 dxc4 7. e4 b5 8. e5 g5
9. Nxg5 hxg5 10. Bxg5 Nbd7 11. exf6 Bb7 12. g3 Qb6 13. Bg2 c5 14. d5 O-O-O 15.
O-O b4 16. Na4 Qb5 17. a3 exd5 18. axb4 cxb4 19. Bf4 Nc5 20. Nxc5 Bxc5 21. Re1
d4 22. Qg4+ Qd7 23. Qg5 Bxg2 24. Qxc5+ Qc6 25. Qxb4 Qb7 26. Qxc4+ Bc6 27. Rac1
1-0

[Event "Hilton Open 2012"]
[Site "Basel"]
[Date "2012.01.02"]
[Round "2"]
[White "Terraz, Christian"]
[Black "Goettelmann, Guillaume"]
[Result "1-0"]
[WhiteElo "2130"]
[BlackElo "1991"]
[PlyCount "45"]
[EventDate "2012.??.??"]
[EventRounds "7"]
[EventCountry "SUI"]
[SourceDate "2012.01.01"]

1. c4 Nf6 2. d4 c6 3. g3 d5 4. Bg2 dxc4 5. Na3 e5 6. Nf3 Bb4+ 7. Bd2 Bxa3 8.
bxa3 exd4 9. O-O c3 10. Bf4 c5 11. e3 Nc6 12. exd4 cxd4 13. Re1+ Kf8 14. Qb3 a5
15. Ng5 Qd7 16. Bd6+ Kg8 17. Re7 Nd8 18. Rxd7 Bxd7 19. Be7 h6 20. Bxd8 hxg5 21.
Bxf6 gxf6 22. Qxb7 Rd8 23. Qb6 1-0

[Event "Hilton Open 2012"]
[Site "Basel"]
[Date "2012.01.02"]
[Round "2"]
[White "Sperzel, Bernd"]
[Black "Seitz, Benjamin"]
[Result "0-1"]
[WhiteElo "1983"]
[BlackElo "2128"]
[PlyCount "76"]
[EventDate "2012.??.??"]
[EventRounds "7"]
[EventCountry "SUI"]
[SourceDate "2012.01.01"]

1. d4 e6 2. e4 d5 3. exd5 exd5 4. Bd3 Bd6 5. Ne2 h6 6. Bf4 Nf6 7. c3 O-O 8.
Bxd6 Qxd6 9. O-O b6 10. Nd2 Be6 11. Nf3 c5 12. h3 Nc6 13. Ng3 Rad8 14. Re1 cxd4
15. cxd4 Qb4 16. b3 Ne4 17. a3 Qd6 18. Nxe4 dxe4 19. Bxe4 Nxd4 20. Nxd4 Qxd4
21. Qxd4 Rxd4 22. b4 Rc8 23. Rad1 Rxd1 24. Rxd1 Kf8 25. Rd3 Ke7 26. Bf3 Rc1+
27. Kh2 Rc2 28. Kg3 g5 29. Bd1 Rb2 30. Rc3 f5 31. Rc7+ Kf6 32. Rxa7 f4+ 33. Kh2
Rxf2 34. Bf3 h5 35. Kg1 Rc2 36. Ra6 g4 37. hxg4 hxg4 38. Bb7 g3 0-1

[Event "Hilton Open 2012"]
[Site "Basel"]
[Date "2012.01.02"]
[Round "2"]
[White "Arounopoulos, Stephan"]
[Black "Thomasson, Staffan"]
[Result "1-0"]
[WhiteElo "2116"]
[BlackElo "1988"]
[PlyCount "51"]
[EventDate "2012.??.??"]
[EventRounds "7"]
[EventCountry "SUI"]
[SourceDate "2012.01.01"]

1. d4 g6 2. c4 Bg7 3. Nc3 c5 4. d5 Bxc3+ 5. bxc3 f5 6. Qc2 Qa5 7. f3 Nf6 8. Bd2
d6 9. e4 fxe4 10. fxe4 Nbd7 11. Nf3 Ne5 12. Nxe5 dxe5 13. Be2 O-O 14. O-O Bg4
15. Rxf6 exf6 16. Bxg4 Kg7 17. Rb1 Rab8 18. Rb5 Qc7 19. Qc1 Rfd8 20. Bh6+ Kh8
21. Qf1 Rd6 22. Be6 Qe7 23. Be3 b6 24. Bxc5 bxc5 25. Rxb8+ Rd8 26. Rb7 1-0

[Event "Hilton Open 2012"]
[Site "Basel"]
[Date "2012.01.02"]
[Round "2"]
[White "Sevenyuk, Alexey"]
[Black "Berset, Philippe"]
[Result "1-0"]
[WhiteElo "1916"]
[BlackElo "2109"]
[PlyCount "67"]
[EventDate "2012.??.??"]
[EventRounds "7"]
[EventCountry "SUI"]
[SourceDate "2012.01.01"]

1. Nf3 Nf6 2. b3 g6 3. Bb2 Bg7 4. e4 d6 5. Be2 O-O 6. d3 e5 7. Nbd2 Nh5 8. d4
Nc6 9. dxe5 dxe5 10. Nc4 f6 11. O-O Nf4 12. Ne3 Nxe2+ 13. Qxe2 Be6 14. Rad1 Qe7
15. Nd5 Qf7 16. c4 h6 17. Rd2 Kh7 18. Qe3 Rae8 19. Re1 f5 20. exf5 Bxf5 21.
Rde2 Bg4 22. Qe4 Qd7 23. Nh4 Bf5 24. Nxf5 Rxf5 25. Qg4 Qf7 26. f3 Rf8 27. Kh1
Rd8 28. Qe4 Rd7 29. Ne3 Rf4 30. Qb1 e4 31. fxe4 Rxe4 32. Qxe4 Bxb2 33. Rxb2 Nb4
34. Nd5 1-0